[Event "Norway Chess 6th"]
[Site "Stavanger"]
[Date "2018.06.01"]
[Round "4"]
[White "Karjakin, Sergey"]
[Black "Vachier Lagrave, Maxime"]
[Result "1-0"]
[WhiteElo "2782"]
[BlackElo "2789"]
[Annotator "Krasenkow,M"]
[PlyCount "75"]
[EventDate "2018.05.28"]
[EventType "tourn"]
[EventRounds "9"]
[EventCountry "NOR"]
[EventCategory "22"]
[SourceTitle "CBM 185"]
[Source "ChessBase"]
[SourceDate "2018.07.13"]
[SourceVersion "1"]
[SourceVersionDate "2018.07.13"]
[SourceQuality "1"]

1. d4 Nf6 2. c4 g6 3. Nc3 d5 4. cxd5 Nxd5 5. e4 Nxc3 6. bxc3 Bg7 7. Bc4 c5 8.
Ne2 Nc6 9. Be3 O-O 10. O-O b6 11. dxc5 Qc7 12. Nd4 Ne5 13. Nb5 Qb8 {This
forced line was examined by Fabiano Caruana in the annotations to his game
against Levon Aronian (CBM 143).} (13... Qc6 14. Bd5 Qxb5 15. Bxa8 (15. Rb1 Qa5
16. Bxa8 Ba6 17. cxb6 axb6 18. Bxb6 Qxc3 19. Bd5 Bxf1 20. Qxf1 e6 21. Rc1 Qd3
22. Bb7 Qd2 23. a4 Rb8 24. Rc7 Qd6 25. a5 Nd7 26. Rc8+ Rxc8 27. Bxc8 Nxb6 28.
axb6 Qxb6 $11 {1/2 (38) Peralta,F (2603)-Alsina Leal,D (2531) Barcelona 2011})
15... Ba6 16. Bd5 e6 17. Bb3 Qxf1+ 18. Qxf1 Bxf1 19. Kxf1 Ng4 20. Bd2 bxc5 21.
h3 Rd8 22. Rd1 Ne5 23. Ke2 $14 {F.Caruana}) 14. Be2 (14. Bf4 bxc5 15. Rb1 a6 (
15... Bb7 16. Qe2 Qc8 17. Bd5 Bc6 18. Rfd1 a6 19. Na3 e6 20. Bxc6 Qxc6 21. Nc4
Nxc4 22. Qxc4 Rfd8 23. a4 $14 {1/2 (44) Postny,E (2654)-Ragger,M (2658)
Austria 2014}) 16. Nd4 (16. Na3 Qc7 17. Bd5 {0-1 (61) Ristic,N (2290)-Jansa,V 
(2475) Smederevska Palanka 1984} Rb8 $11) 16... Qd6 17. Bd5 Ra7 (17... Rb8 $5)
18. Nc6 Rc7 19. Na5 Rd7 20. Nc4 Qc7 21. Nb6 Rd6 $13 {0-1 (83) Paunovic,D (2320)
-Jansa,V (2495) Vrnjacka Banja 1983}) (14. Bd5 $5 {wins an exchange but Black
obtains compensation:} Ng4 15. g3 Nxe3 ({or immediately} 15... a6 $5 {, which
usually leads to a transposition}) 16. fxe3 a6 (16... Bh3 17. Rf2 bxc5 18. Rb1
Bh6 19. Qf3 Qe5 20. Bxa8 Rxa8 21. Qxf7+ Kh8 22. Qd5 Qxd5 23. exd5 Bxe3 24. Re1
Bxf2+ 25. Kxf2 Rf8+ 26. Ke3 $14 {1/2 (65) Laghetti,G (2402)-Mueller,K (2411)
Lechenicher SchachServer 2011}) 17. Nd4 (17. Bxa8 axb5 18. Bd5 Qc7 19. cxb6
Qxb6 20. Qe2 e6 21. Bb3 b4 $44 {0-1 (29) Noire,E (2242)-Perez,B (2403)
Lechenicher SchachServer 2012}) (17. Bxf7+ Kh8 18. Nd4 bxc5 19. Bd5 Rxf1+ 20.
Qxf1 cxd4 21. Rb1 Qa7 22. Qf7 Be6 23. Qxe6 dxc3 24. Bxa8 Qxe3+ 25. Kg2 Qe2+ 26.
Kh3 Qh5+ 27. Kg2 Qe2+ {1/2 (27) Vachier Lagrave,M (2719)-Gelfand,B (2764)
Tromsoe 2013}) 17... bxc5 (17... Bh3 18. Nc6 $1) 18. Rb1 Qc7 19. Bxa8 cxd4 20.
cxd4 Bh3 21. Bd5 Bxf1 22. Qxf1 ({after} 22. Kxf1 {, too, White can hardly
convert his extra pawn}) 22... e6 23. Bc4 Bh6 24. Rb3 a5 25. Kg2 Rc8 26. Rc3
Qb7 27. Qd3 Qb4 28. a3 {1/2 (28) Bluebaum,M (2413)-Colpe,M (2208) playchess.
com INT 2012}) 14... bxc5 (14... a6 $6 15. Na3 b5 (15... bxc5 16. f4 (16. Bxc5
Qc7 17. Bd4 Rd8 18. Qc1 Ng4 19. Bxg4 Bxg4 20. Qe3 Rab8 $44 {1/2 (66) Bacrot,E 
(2714)-Vachier Lagrave,M (2719) Biel 2013}) 16... Nd7 17. e5 $16 {[%csl Rg7]
[%cal Ya3c4] F.Caruana}) 16. Nc2 (16. Rb1 Bb7 17. Qc2 Nc6 18. Rfd1 {1-0 (42)
Knaak,R (2505)-Ftacnik,L (2560) Bratislava 1983} Qc7 $44) 16... Nc6 17. Nd4 Bb7
18. Qc2 $14 (18. f3 $6 Rd8 19. Qc1 Nxd4 20. cxd4 Bxd4 21. Bxd4 Rxd4 22. c6 Bc8
23. Qc5 {1/2 (27) Kulaots,K (2592)-So,W (2668) Khanty-Mansiysk 2010} Qa7 $11))
15. Rb1 (15. f4 Ng4 $1 16. Bxc5 a6 17. Na3 Qc7 18. Bd4 e5 19. fxe5 Nxe5 $44 {
[%csl Ge5] 1/2 (31) Jakovenko,D (2733)-Svidler,P (2739) Tbilisi 2015}) (15.
Bxc5 a6 16. Nd4 Qc7 17. Bb4 a5 18. Nb5 Qb7 19. Bc5 Qxe4 $13 {0-1 (42) Zeynalli,
M (2166)-Jarmula,L (2261) Moscow 2013}) 15... a6 (15... Bb7 16. Bxc5 (16. Qc2
$5) 16... a6 17. Nd4 Qc7 (17... Qc8 $5) 18. Bb6 Qxc3 19. Rb3 Qc8 20. Qb1 Nd7
21. Rc1 Bxe4 22. Rxc8 Bxb1 23. Rxa8 Rxa8 24. Rxb1 Nxb6 25. Nc6 Na4 26. Nxe7+
Kf8 $11 {0-1 (66) Javanbakht,N (2427)-Maghsoodloo,P (2569) Sari 2017}) 16. Na3
$1 $146 {[%mdl 8] A new move, albeit examined by Fabiano Caruana in his
annotations.} (16. Nd4 Qc7 17. Nb3 Rd8 18. Qc2 c4 19. Nc5 Nd3 20. Nxd3 cxd3 21.
Bxd3 Qxc3 22. Qxc3 Bxc3 23. Bc4 Bd7 24. Rfc1 Bf6 25. Kf1 Bb5 $11 {0-1 (70)
Ganguly,S (2619)-Giri,A (2715) Leon 2012}) 16... Qc7 17. f4 Rd8 18. Qc2 Ng4 {
Caruana didn't see any problems for Black here but Sergey Karjakin continues
fighting for an advantage.} 19. Bxg4 Bxg4 20. f5 $1 {White tries to make use
of the unfortunate position of Black's g4-bishop.} gxf5 21. Nc4 $1 (21. exf5
Qe5 {[%cal Re5c3,Re5e3]}) 21... e6 (21... fxe4 $6 22. Qxe4 {[%cal Rb1b7]}) (
21... Rab8 $5) 22. h3 Bh5 23. exf5 exf5 24. Bg5 {Black has a bishop pair and 
(temporarily) an extra pawn but all his pawns are weak.} f4 $6 {[%mdl 512]
Black doesn't want to defend passively but it was probably a better option:} (
24... Re8 25. Nb6 Ra7 26. Nd5 $14) (24... Rf8 $1 25. Ne3 Qe5 26. Nxf5 Bg6 {
with a solid position} ({but not} 26... Qxc3 $6 27. Qf2 $36)) 25. Qf2 (25. Bxd8
Rxd8 $44 {e.g.} 26. Qf2 Bxc3 27. Qxf4 Qxf4 28. Rxf4 Bg6 {, and Black should
not lose.}) 25... f3 $2 {Too aggressive. In this version Black doesn't obtain
compensation for the exchange.} ({but after} 25... Re8 26. Nb6 ({or} 26. Bxf4
Qc6 27. Nd6 Re6 28. Nf5) 26... Ra7 27. Nd5 {his position is quite unpleasant,
too.}) 26. Bxd8 Rxd8 27. Qh4 $1 fxg2 28. Rfe1 Bf3 (28... Bg6 $2 29. Rb7 Qxb7 (
29... Qc8 30. Nb6) 30. Qxd8+ Bf8 31. Nb6 $1 {[%cal Re1e8]} Kg7 32. Nd7 $18) 29.
Re3 Bc6 30. Rbe1 {White centralises his pieces and creates an attack on
Black's king - in addition to his material advantage!} Rf8 31. Ne5 Bd5 32. Rg3
{[%mdl 128]} f6 33. Nd3 Bxa2 $2 {This bishop will be out of play now.} ({
but after} 33... Kh8 34. Nf4 Bf7 35. Rxg2 {White should win, too.}) 34. c4 $18
Qd6 35. Nf4 Qd4+ 36. Kh2 Bxc4 37. Qh6 f5 38. Nh5 {It is now up to Black to
find the safest reply to Karjakin's idea.} 1-0

[Event "Moscow Tal Memorial 6th"]
[Site "Moscow"]
[Date "2011.11.22"]
[Round "6"]
[White "Carlsen, Magnus"]
[Black "Svidler, Peter"]
[Result "1/2-1/2"]
[WhiteElo "2826"]
[BlackElo "2755"]
[Annotator "Krasenkow,M"]
[PlyCount "106"]
[EventDate "2011.11.16"]
[EventType "tourn"]
[EventRounds "9"]
[EventCountry "RUS"]
[EventCategory "22"]
[SourceTitle "CBM 146"]
[Source "ChessBase"]
[SourceDate "2012.01.18"]
[SourceVersion "1"]
[SourceVersionDate "2012.01.18"]
[SourceQuality "1"]

1. d4 Nf6 2. c4 g6 3. Nc3 d5 4. cxd5 Nxd5 5. e4 Nxc3 6. bxc3 Bg7 7. Bc4 c5 8.
Ne2 Nc6 9. Be3 O-O 10. O-O b6 $5 {Usually this move is played after} (10... Na5
11. Bd3) {However, the knight does not have go to a5!} 11. dxc5 (11. Rb1 {
[%csl Rb1]} cxd4 12. cxd4 Bb7 13. Qd2 Rc8 14. Rfc1 Qd6 15. Bb5 Rfd8 16. d5 Ne5
17. Nd4 Ng4 18. Bf4 Be5 $11 {1/2 Erdos,V (2592)-Przezdziecka,M (2278)/Warsaw
2010/CBM 137 Extra (35)}) (11. Rc1 Bb7 12. d5 (12. f3 Rc8 13. Qd2 Na5 14. Bb5
a6 15. Bd3 b5 16. d5 e6 17. dxe6 fxe6 18. Rfd1 Qe7 19. Bg5 Bf6 20. Bxf6 Qxf6
21. Qe3 e5 22. Bc2 Rf7 23. Bb3 c4 24. Bc2 Rd8 25. Rxd8+ Qxd8 26. Rd1 Rd7 27.
Rxd7 Qxd7 28. Qb6 {1/2 Lalic,B (2495)-Romanishin,O (2570)/Sarajevo 1988/CBM 008
}) (12. Bb5 Na5 13. d5 e6 14. c4 Qe7 15. Nf4 exd5 16. exd5 Rad8 17. Re1 Qf6 18.
Qd2 Qf5 $1 19. Qe2 Bc8 $1 $11 {[%cal Yc8d7] 1-0 Knaak,R (2490)-Jansa,V (2445)/
Bratislava 1983/MCD (26)}) 12... Ne5 13. Bb3 (13. Bb5 a6 $1 (13... e6 14. c4
Ng4 15. Bf4 e5 16. Bd2 Qh4 17. h3 Nf6 18. f3 Bh6 19. Rc3 Ne8 20. Bxh6 Qxh6 21.
Bxe8 Rfxe8 22. a4 $16 {1-0 Portisch,L (2600)-Schmidt,W (2450)/Indonesia 1983/
MCD (44)}) 14. Ba4 Nc4 15. Bf4 Nb2 16. Qc2 Nxa4 17. Qxa4 e6 $132 18. dxe6 $140
Qd3 $1) 13... c4 14. Bc2 e6 $1 15. dxe6 Nd3 $1 (15... fxe6 16. Nd4 Qe7 17. f4
Nc6 18. e5 Nxd4 19. Bxd4 b5 20. Rb1 Bc6 21. Qg4 Rad8 22. h4 $14 {1/2 Zilka,S 
(2479)-Petr,M (2462)/Czechia 2010/CBM 139 Extra (68)}) 16. Bxd3 Qxd3 17. exf7+
Rxf7 18. Ng3 Bxe4 19. Qa4 Qd5 20. Nxe4 Qxe4 21. Rfe1 Qd5 $11 {1/2 Polugaevsky,
L (2625)-Miles,A (2560)/Wijk aan Zee 1979/MCD (28)}) (11. Qd2 Bb7 12. Rac1 Rc8
(12... Qd7 13. Rfd1 Rfd8 {1/2 Despotovic,M (2355)-Simic,R (2485)/Belgrade 1988/
TD (39)} 14. Bh6 $5) (12... e6 13. Rfd1 Rc8 14. Bb5 cxd4 15. cxd4 Ne7 16. Rxc8
Nxc8 $11 {[%cal Yc8d6] 0-1 Vakhidov,J (2392)-Kasimdzhanov,R (2678)/Tashkent
UZB 2011/The Week in Chess 888 (57)}) 13. Rfd1 (13. h4 Qd7 (13... Na5 14. Bd3
e5 $1 15. Bg5 Qd7 $11) 14. h5 Na5 15. Bd3 cxd4 16. cxd4 Rxc1 17. Rxc1 Rc8 18.
h6 Rxc1+ 19. Qxc1 Bf8 20. Nc3 Qc8 21. d5 Nc4 22. Bd4 Nd6 23. Qf4 f6 24. e5 fxe5
25. Bxe5 Nf7 26. Bxg6 Nxe5 27. Bf5 Ng6 28. Bxc8 Nxf4 29. Bxb7 Bxh6 $11 {
1/2 Lputian Smbat G (2540)-Romanishin Oleg M (2555)/Lvov 1987 (31)}) 13... cxd4
14. cxd4 Qd6 (14... e6 15. Bh6 Qh4 $5 16. Bxg7 Kxg7 17. Qe3 (17. d5 Ne5 18. Qd4
Qf6 19. Bb3 exd5 20. Rxc8 Rxc8 21. exd5 Ba6 22. Nc3 Nd7 23. Ne4 Qxd4 24. Rxd4
Rc1+ 25. Rd1 Rxd1+ 26. Bxd1 Bc4 $17 {0-1 Enchev,I (2435)-Grigorov,G (2497)/
Albena BUL 2011/The Week in Chess 867 (33)}) 17... Rfd8 18. Bb5 Qf6 19. Bxc6
Rxc6 20. Rxc6 Bxc6 $11 21. d5 $6 exd5 22. e5 Qe7 23. Nd4 Bd7 24. f4 Rc8 {
0-1 Meyer,M (2348)-Petr,M (2468)/Munich GER 2010/The Week in Chess 840 (52)})
15. d5 (15. Bf4 {1-0 Zhukova,N (2499)-Nebolsina,V (2310)/Moscow 2010/CBM 138
Extra (39)} e5 $11) (15. Bh6 Qb4 $1 16. Qxb4 Nxb4 17. Bxg7 Kxg7 18. a3 Nc6 19.
d5 Ne5 20. Bb5 Rxc1 21. Rxc1 Rc8 22. Rxc8 Bxc8 23. Nd4 g5 24. f3 {1/2 Stella,A
(2310)-Codenotti,M (2169)/Bratto 2010/CBM 138 Extra}) (15. e5 $5 Qd7 16. e6 $5
fxe6 17. Nf4 {1-0 Noori,A (2135)-Aghamohammadi,M/Iran 2000/EXT 2003 (28)} Nd8
$13 {A.Giri}) 15... Na5 16. Bb5 Rxc1 17. Rxc1 Rc8 (17... e6 $1 18. Bf4 Be5 19.
Bxe5 Qxe5 20. Nc3 Rc8 $1 $132 {A.Giri}) (17... f5 $5 {A.Giri}) 18. h3 (18.
Rxc8+ Bxc8 19. Nd4 $1 $14 {A.Giri}) 18... Rxc1+ 19. Qxc1 e6 20. Nf4 exd5 21.
Nxd5 f5 22. f3 fxe4 23. fxe4 Qe5 $11 {1/2 Topalov,V (2805)-Anand,V (2787)/
Sofia 2010/CBM 136/[Giri,Anish] (60)}) 11... Qc7 {A typical idea. After cxb6
axb6 White's queenside pawn majority will be nearly useless.} (11... Ne5 12.
Qxd8 Rxd8 13. Bd5 Rb8 (13... Ba6 $142) 14. c6 $16 {1-0 Kanep,M (2523)-Novik,M 
(2468)/Finland 2008/EXT 2009 (26)}) 12. f4 $146 {This move doesn't look
dangerous before Black has played ...e7-e6.} (12. cxb6 axb6 13. Rb1 Rb8 14. Bb5
Ne5 15. f4 Ng4 16. Qc1 Bb7 17. h3 Nxe3 18. Qxe3 Rfc8 19. e5 Bd5 20. c4 Ba8 21.
Nc3 Qb7 22. Qe2 e6 23. Rbd1 Rd8 24. Ba4 Rbc8 $44 {0-1 Ju,W (2500)-Gao Rui 
(2464)/Hefei 2010/CBM 136 Extra (38)}) (12. Qd2 $6 Rd8 13. Qb2 bxc5 14. Qa3 Ne5
15. Bd5 Rb8 16. Qxc5 Qxc5 17. Bxc5 Ba6 18. c4 e6 $19 {1/2 Zhukova,N (2499)
-Nebolsina,V (2310)/Moscow 2010/CBM 138 Extra (54)}) (12. Nd4 Ne5 (12... Bb7
13. cxb6 axb6 14. Nb5 Qe5 15. Bd5 e6 16. Bd4 Qf4 17. g3 Qh6 18. Bxc6 Bxc6 19.
Qe2 $16 {1-0 Christiansen,L (2485)-Jansa,V (2480)/Luzern 1982/EXT 1997 (40)})
13. Nb5 (13. Be2 Bb7 14. cxb6 axb6 15. Nb5 Qc6 16. f3 Nc4 $6 (16... Rfc8 17.
Qb3 Nd7 {[%cal Yd7c5,Yc5a4] R.Simic}) 17. Bxc4 Qxc4 18. Qb3 $14 {1-0 Portisch,
L (2635)-Ftacnik,L (2545)/Wijk aan Zee 1985/MCL (72)}) 13... Qb8 14. Be2 (14.
Bf4 bxc5 15. Rb1 a6 16. Nd4 Qd6 17. Bd5 Ra7 18. Nc6 Rc7 19. Na5 Rd7 20. Nc4 Qc7
21. Nb6 Rd6 $13 {0-1 Paunovic,D (2320)-Jansa,V (2440)/Vrnjacka Banja 1983/MCD 
(83)}) 14... bxc5 15. f4 Ng4 16. Bxc5 a6 17. Na3 Qc7 18. Bd4 e5 19. fxe5 Nxe5
$44 {1/2 Aronian,L (2808)-Grischuk,A (2747)/Kazan 2011/CBM 143/[Caruana] (70)})
12... bxc5 13. Rb1 Rd8 (13... Bg4 $6 14. h3 Bxe2 15. Qxe2 Bxc3 16. f5 $44) 14.
Qa4 (14. Qe1 Bb7 {[%cal Rc6a5]} 15. Rb5 Na5 16. Rxc5 Qb6 17. Bxf7+ $5 Kxf7 18.
Rf5+ gxf5 19. Bxb6 axb6 $13) (14. Qc2 $5) 14... Na5 15. Bd5 Bd7 $1 16. Qa3 Rac8
17. f5 e6 $1 18. Bf4 Be5 19. fxe6 fxe6 20. Bb3 Nxb3 21. axb3 Rf8 {Black has
comfortably consolidated his position and has no problems.} 22. Qc1 (22. Bxe5
Qxe5 23. Qxa7 Bc6 $44) 22... c4 23. b4 Qb6+ 24. Kh1 Bg7 25. e5 (25. Ra1 $142
$132) 25... Bc6 26. Nd4 Bd5 {[%csl Gd5]} 27. Ra1 Qb7 28. Qc2 Rc7 29. Bg3 Rcf7
30. Rxf7 Qxf7 31. Qe2 g5 32. h3 h5 33. Kg1 h4 34. Bh2 Qg6 35. Rd1 $11 g4 $5 {
[%mdl 512] Black is playing for a win but it is a double-edged sacrifice.} 36.
hxg4 Qg5 {[%cal Yg7h6]} 37. Nf5 $1 exf5 $6 (37... h3 $1 {was correct. White
had to find the best defense} 38. Rd4 $1 {[%cal Rh2f4]} (38. gxh3 $4 Rxf5) {
with a logical draw after} 38... Qc1+ 39. Rd1 Qg5 $11) 38. Rxd5 fxg4 39. Kh1 h3
40. gxh3 gxh3 41. Rd4 $6 (41. Rd1 $142 $1 {[%cal Yd1g1,Ye2e4] , and White
seizes the initiative.}) 41... Qc1+ 42. Rd1 Qxc3 43. e6 Qb2 $1 44. Qe4 Qg2+ 45.
Qxg2 hxg2+ 46. Kxg2 Re8 47. Rd6 Bf8 48. Rc6 Bxb4 49. Rxc4 a5 50. Rc6 Kg7 51.
Kf3 Kf6 52. Ke4 Rxe6+ 53. Be5+ Kf7 1/2-1/2

[Event "FIDE World Cup"]
[Site "Khanty-Mansiysk"]
[Date "2011.09.03"]
[Round "3.1"]
[White "Kamsky, Gata"]
[Black "Nepomniachtchi, Ian"]
[Result "1-0"]
[WhiteElo "2741"]
[BlackElo "2711"]
[Annotator "Krasenkow,M"]
[PlyCount "93"]
[EventDate "2011.08.28"]
[EventType "k.o."]
[EventRounds "7"]
[EventCountry "RUS"]
[SourceTitle "CBM 145"]
[Source "ChessBase"]
[SourceDate "2011.11.11"]
[SourceVersion "1"]
[SourceVersionDate "2011.11.11"]
[SourceQuality "1"]

1. d4 Nf6 2. c4 g6 3. Nc3 d5 4. cxd5 Nxd5 5. e4 Nxc3 6. bxc3 Bg7 7. Bc4 c5 8.
Ne2 Nc6 9. Be3 O-O 10. O-O Qc7 11. Rb1 {Forthis recently popular line - see Le
- Ponomariov in CBM 138.} a6 (11... Bd7) (11... Rd8) (11... cxd4 {are examined
in the annotations to the above-mentioned game by GM R.Ponomariov.}) 12. Bf4
$146 {[%mdl 8] Surprisingly, this typical move is a novelty in this position -
and an important one!} (12. dxc5 $6 Ne5) (12. Bb3 b5 13. dxc5 Rd8 14. Qc2 Rb8
15. a4 Na5 16. Ba2 Bd7 17. axb5 Bxb5 18. c4 Be8 19. Rb6 Nc6 20. Rfb1 a5 21. Bf4
Be5 22. Bxe5 Qxe5 23. Rxb8 Rxb8 24. Rxb8 Nxb8 25. Qc3 Qxe4 $17 {0-1 Deidun,J 
(2265)-Janous,P (2333)/ICCF Email 2002/ICCF Telechess CBM 102 (51)}) (12. a4
Rd8 13. Qc1 Qa5 14. d5 Ne5 15. Bb3 Bd7 16. Qa3 Rdc8 17. h3 Bb5 18. Bd1 Bd3 19.
Rxb7 Nc4 20. Qc1 Nd6 $17 {0-1 Bhat,V (2536)-Fluvia Poyatos,J (2467)/Barbera
del Valles 2010/CBM 137 Extra (59)}) (12. Qc1 b5 13. Bd3 (13. Bb3 Na5 14. Bh6
cxd4 15. Bxg7 Kxg7 16. cxd4 Qxc1 17. Rfxc1 Bb7 18. f3 Rfc8 $11 {1/2 Danner,G 
(2385)-Holzke,F (2380)/Budapest 1993/EXT 1997 (65)}) 13... Rd8 14. Rd1 (14. a4
bxa4 15. Rd1 Bd7 {- 14.Rd1}) 14... Bd7 15. Bf4 (15. a4 bxa4 16. Nf4 Qa5 $1 17.
Nd5 cxd4 18. cxd4 Rdb8 19. Bf4 Rxb1 20. Qxb1 a3 21. Bc4 Nxd4 $15 {0-1 Gyorkos,
L (2450)-Adorjan,A (2535)/Hungary 1992/EXT 2000 (35)}) 15... Qa5 16. d5 Ne5 17.
Bxe5 Bxe5 18. Qg5 Bf6 19. Qe3 Bxc3 20. Qxc5 {1/2 Lukacs,P (2475)-Pribyl,M 
(2320)/Budapest 1996/EXT 1998}) 12... Qa5 (12... e5 13. Bg3) 13. Bd5 cxd4 14.
cxd4 Bg4 $5 15. f3 Be6 16. Bd2 Qc7 17. Bxe6 fxe6 {[%csl Re6]} 18. Bc3 Rad8 19.
Qb3 Nxd4 20. Bxd4 Bxd4+ 21. Nxd4 Rxd4 22. Qxe6+ Rf7 23. Rbc1 {As a result of
the opening battle, White has obtained a small edge due to his better pawn
structure.} Qd6 $6 {Black unnecessarily gives up a pawn although it will be
quite difficult for White to convert it.} (23... Qa5 $142 24. Qc8+ $140 Kg7 25.
Qxb7 Rd2) 24. Qc8+ Kg7 25. Qxb7 Rd2 26. Qb3 e5 $2 {Probably a decisive mistake.
This pawn will be weak.} (26... Rf6 $142 {[%cal Yd6e5,Yf6d6]} 27. Rcd1 (27.
Rfd1 Qd4+ 28. Kh1 Rc6 $1) 27... Qc5+ 28. Kh1 Rfd6 $44) 27. Rcd1 Qd4+ 28. Kh1
Rd7 29. Rxd2 Qxd2 30. Qe6 {[%csl Re5]} Qd6 31. Qxd6 Rxd6 {[%mdl 4096]} 32. h4
Rd2 33. Rc1 Rxa2 34. Rc7+ Kf6 (34... Kg8 35. Rc5) 35. Rxh7 {It is well-known
that a two-pawn advantage on the kingside usually guarantees the stronger side
a win in such positions despite the opponent's passed pawn, unless the latter
is far-advanced and supported by its own rook from the rear.} a5 36. Ra7 a4 37.
Kh2 a3 38. Kh3 Ke6 39. Ra6+ Kf7 40. Kg3 Kg7 41. Re6 Re2 42. Rxe5 a2 43. Ra5 Kf6
44. f4 Rxe4 45. Rxa2 Kg7 46. Kg4 Rb4 47. Ra5 1-0

[Event "Gibraltar Masters 17th"]
[Site "Caleta"]
[Date "2019.01.24"]
[Round "3"]
[White "Peralta, Fernando"]
[Black "Artemiev, Vladislav"]
[Result "1/2-1/2"]
[WhiteElo "2580"]
[BlackElo "2709"]
[Annotator "Krasenkow,M"]
[PlyCount "62"]
[EventDate "2019.01.22"]
[EventType "swiss"]
[EventRounds "10"]
[EventCountry "GGB"]
[SourceTitle "CBM 188 Extra"]
[Source "ChessBase"]
[SourceDate "2019.02.26"]
[SourceVersion "1"]
[SourceVersionDate "2019.02.26"]
[SourceQuality "1"]

{[%evp 0,62,33,28,30,-22,37,37,46,53,56,55,44,44,44,51,51,35,39,46,52,29,28,31,
57,31,29,-55,2,-14,-12,-27,0,-20,15,-6,-5,-6,-17,-19,-19,-14,-14,28,22,-17,0,
-69,-71,-81,0,0,0,0,0,0,0,0,0,0,0,0,0,0,0]} 1. d4 Nf6 2. c4 g6 3. Nc3 d5 4.
cxd5 Nxd5 5. e4 Nxc3 6. bxc3 Bg7 7. Bc4 c5 8. Ne2 Nc6 9. Be3 O-O 10. O-O Na5
11. Bd3 b6 12. e5 {A rare move instead of the usual} (12. Qd2) ({and} 12. Rc1)
12... Bb7 13. h4 $146 {[%mdl 4] This standard plan is surprisingly new in this
particular position.} (13. Qd2 Rc8 14. Rad1 cxd4 15. cxd4 Nc4 16. Bxc4 Rxc4 17.
Bh6 Qd5 18. f3 Rfc8 19. Bxg7 Kxg7 20. Qg5 Qd7 21. Rfe1 h6 22. Qg3 {1-0 (75)
Naumkin,I (2394)-Yang,K (2430) Backi Petrovac 2018} e6 $15) (13. Nf4 Rc8 (13...
e6 $5) 14. Qg4 (14. h4 $1 {, transposing to the game, was played in
Zude-Heinatz - see below}) 14... cxd4 15. cxd4 Nc6 16. Rad1 Nb4 17. Bb1 Nd5 18.
h4 (18. Nh5 Nc3 $1 19. Nxg7 Kxg7 (19... Nxd1 $5 20. Rxd1 Kxg7 {, and White's
compensation for the exchange is uncertain}) 20. Rd2 Nxb1 21. Rxb1 Qd5 22. Re1
h5 23. Qg5 Rc7 24. f3 Rfc8 $132 {0-1 (44) Erdos,V (2577)-Wang,H (2696) Beijing
2008}) 18... Nxf4 (18... Nc3 $5) 19. Bxf4 (19. Qxf4 e6 $11) 19... Rc4 20. Be3
Qc8 21. Qg3 h5 22. Bd3 Rc3 23. Rc1 e6 24. Bd2 Rxc1 25. Rxc1 Qd7 26. Qe3 Rc8 $15
{0-1 (45) Erdos,V (2577)-Gopal,G (2548) Beijing 2008}) 13... Rc8 {A bit too
passive. The invasion of Black's knight to c4 is not enough to stop White's
attack. Black has a lot of alternatives to be tested in practice:} (13... Qd7
14. Nf4 Rad8) (13... cxd4 14. cxd4 f6 $5) 14. Nf4 cxd4 15. cxd4 Nc4 16. Qg4 Ba6
$5 (16... Nb2 17. Bb1 e6 18. h5 Qd7 19. hxg6 hxg6 20. Nh3 (20. Nxg6 $5 fxg6 21.
Bxg6) 20... Rfe8 21. Ng5 Nc4 22. Be4 Ba6 23. Qh3 Qa4 24. Qh7+ Kf8 25. Nxf7 Kxf7
26. Bxg6+ Kf8 27. Bh6 {1-0 (27) Zude,E (2406)-Heinatz,T (2315) Germany 2011})
17. Rad1 (17. h5 $5 Nxe3 (17... Nxe5 18. dxe5 Bxd3 19. Rfd1) 18. fxe3 Bxd3 19.
Nxd3 Rc3 20. Rad1 $14) 17... Nxe3 18. fxe3 Bxd3 19. Rxd3 e6 $2 (19... h5 {
was a must, with good chances to equalize. After the game move White obtains a
strong attack.}) 20. h5 $1 {[%mdl 128]} Rc2 (20... Qe7 21. hxg6 hxg6 22. Rd2 $1
(22. Nh3 $143 Bh6) (22. Rf3 $143 Rc1+ 23. Kh2 Bh6) 22... Rc3 23. Rf3 $40 {
[%cal Yd2f2]}) 21. hxg6 hxg6 22. Nh3 $6 {This move lets White's advantage slip.
} (22. e4 $1 {, planning d4-d5 and keeping the idea Rd3-h3 in mind, was very
strong.}) 22... Bh6 23. Rf6 Qd5 24. Kh2 Qc4 25. Rxg6+ {White has hardly
anything better.} fxg6 26. Qxg6+ Bg7 27. Ng5 Rff2 28. Qe8+ $8 Rf8 29. Qg6 Rff2
30. Qe8+ Bf8 31. Qg6+ Bg7 1/2-1/2